Reservoir Dogs Code Names - Statistics

General Stats
  • This quiz has been taken 9 times
  • The average score is 5 of 6
Answer Stats
Code Name Actor % Correct
Mr. White Harvey Keitel
100%
Mr. Blonde Michael Madsen
89%
Mr. Brown Quentin Tarantino
89%
Mr. Pink Steve Buscemi
89%
Mr. Orange Tim Roth
89%
Mr. Blue Edward Bunker
67%
No matching quizzes found
Score Distribution
Percent of People with Each Score
Percentile by Number Answered
Your Score History
You have not taken this quiz